| 000 | 00480nam a22001577a 4500 | ||
|---|---|---|---|
| 082 | _aBE-EE-3 | ||
| 100 |
_aAbdul Moeed Khalid _993211 |
||
| 245 | _aMotion detection using passive Wi-Fi | ||
| 260 |
_aIslamabad _bNUST-SEECS _c2015 |
||
| 300 |
_a48 _eCD Include |
||
| 500 | _aSupervisors: Dr. Syed Ali Hassan, Dr. Sajid Saleem | ||
| 700 |
_aHassan Abid _917294 |
||
| 700 |
_aJunaid Naeem _993212 |
||
| 856 | _uhttp://10.250.8.41:8080/xmlui/handle/123456789/10823 | ||
| 942 |
_cPR _2ddc |
||
| 999 |
_c13256 _d13256 |
||